000 00295 a2200121 4500
000 nam a22 7a 4500
005 20260223121540.0
020 _a9789369449019
100 _aBalendu Dwivedi
_91116516
245 _aBadshah Salamt Hazir Hon
260 _bVani Prakashan
_c2025
942 _cTEXL
999 _c1680115
_d1680115